Statistics for Provinces of Ming in 1409

Click here to take the quiz!

General Stats

  • This quiz has been taken 157 times
  • The average score is 11 of 18

Answers on the Map

Answers color-coded by a green-red scale on the quiz's map according to % correct below.
 

Answer Stats

StatusSubdivision% Correct
ProvinceYunnan
90%
ProvinceGuangdong
84%
ProvinceShaanxi
79%
ProvinceShanxi
78%
ProvinceGuangxi
77%
ProvinceFujian
76%
ProvinceShandong
74%
ProvinceSichuan
74%
ProvinceHenan
70%
ProvinceZhejiang
66%
ProvinceJiangxi
63%
Directly-Ruled ProvinceNorthern Zhili
61%
ProvinceGuizhou
59%
Directly-Ruled ProvinceSouthern Zhili
53%
Regional Military CommissionLiaodong
34%
ProvinceHuguang
27%
ProvinceJiaozhi
23%
Regional Military CommissionNurgan
23%

Score Distribution

Percentile by Number Answered

Percent of People with Each Score

Your Score History

You have not taken this quiz